000 00786nam a2200277Ia 4500
003 OSt
005 20220912150938.0
006 a|||||r|||| 00| 0
007 ta
008 220909b |||||||| |||| 00| 0 eng d
020 _a9810224311 (hbd)
024 _a5471
037 _bShankar,
037 _cTextual
040 _aCSL
_beng
_cCSL
041 _aeng
082 _aCN1, N6
100 _aGrosche C
245 0 _aPath integrals, hyperbolic spaces, and Selberg trace formulae
260 _aSingapore
_bWorld Scientific
_c1996
300 _axi, 280p.
_ccm.
500 _aBibliographical references 239-276p.
_ccm.; Index 277-280p.
_ccm.
650 _aPhysics-Quantum theory
942 _hCN1, N6
_cTEXL
_2CC
999 _c57980
_d57980